A comment on certain points where cybernetics impinges on religion
Guardat en:
| Autor principal: | |
|---|---|
| Format: | Llibre |
| Idioma: | Undetermined |
| Publicat: |
Massachusetts
The M.I.T. Press
1964
|
| Matèries: | |
| Etiquetes: |
Afegir etiqueta
Sense etiquetes, Sigues el primer a etiquetar aquest registre!
|
| Thư viện lưu trữ: | Trung tâm Học liệu Trường Đại học Cần Thơ |
|---|
| LEADER | 00514nam a2200181Ia 4500 | ||
|---|---|---|---|
| 001 | CTU_83618 | ||
| 008 | 210402s9999 xx 000 0 und d | ||
| 082 | |a 006 | ||
| 082 | |b W647 | ||
| 100 | |a Wiener, Norbert | ||
| 245 | 2 | |a A comment on certain points where cybernetics impinges on religion | |
| 245 | 0 | |c Norbert Wiener | |
| 260 | |a Massachusetts | ||
| 260 | |b The M.I.T. Press | ||
| 260 | |c 1964 | ||
| 650 | |a Cybernetics | ||
| 904 | |i Qhieu(sửa) | ||
| 980 | |a Trung tâm Học liệu Trường Đại học Cần Thơ | ||